[Event "Prague Summer op-A 10th"]
[Site "Prague"]
[Date "2023.08.07"]
[Round "5"]
[White "Serrano Salvador, Eduardo"]
[Black "Brzezina, Piotr"]
[Result "1-0"]
[WhiteElo "2260"]
[BlackElo "2038"]
[PlyCount "47"]
[EventDate "2023.08.04"]
[EventType "swiss"]
[EventRounds "9"]
[EventCountry "CZE"]
[SourceTitle "CBM 215 Extra"]
[Source "ChessBase"]
[SourceDate "2023.09.30"]
[SourceVersion "1"]
[SourceVersionDate "2023.09.30"]
[SourceQuality "1"]

1. d4 Nf6 2. Nf3 e6 3. Bg5 h6 4. Bh4 c5 5. c3 d5 6. e3 Nbd7 7. Nbd2 Bd6 8. Bd3 b6 9. e4 cxd4 10. Nxd4 Bb7 11. exd5 Bxd5 12. Nc4 Bb8 13. Ne3 Bb7 14. Bb5 a6 15. Bc6 Qc8 16. Qf3 Bxc6 17. Nxc6 Qb7 18. 0-0-0 g5 19. Qxf6 Qxc6 20. Qxh8+ Ke7 21. Qxh6 gxh4 22. Nd5+ Ke8 23. Nf6+ Nxf6 24. Qh8+ 1-0

[Event "Prague Summer op-A 10th"]
[Site "Prague"]
[Date "2023.08.05"]
[Round "2"]
[White "Charaus, Florian"]
[Black "Serrano Salvador, Eduardo"]
[Result "1/2-1/2"]
[WhiteElo "2010"]
[BlackElo "2260"]
[PlyCount "50"]
[EventDate "2023.08.04"]
[EventType "swiss"]
[EventRounds "9"]
[EventCountry "CZE"]
[SourceTitle "CBM 215 Extra"]
[Source "ChessBase"]
[SourceDate "2023.09.30"]
[SourceVersion "1"]
[SourceVersionDate "2023.09.30"]
[SourceQuality "1"]

1. d4 Nf6 2. c4 d6 3. Nc3 e5 4. Nf3 e4 5. Ng5 Qe7 6. Qc2 Nc6 7. e3 Bf5 8. Nd5 Nxd5 9. cxd5 Nb8 10. Bb5+ Kd8 11. h4 h6 12. Nh3 Qxh4 13. Bd2 Nd7 14. 0-0-0 Nb6 15. Kb1 Qe7 16. Ba5 g5 17. Rc1 Bg7 18. Ng1 Bg6 19. Ne2 f5 20. Nc3 Rf8 21. Na4 Be8 22. Nc3 Bf7 23. Be2 Be8 24. Bb5 Rf7 25. Be2 Rf8 1/2-1/2

[Event "CZE-chT2C 2223"]
[Site "Czech Republic"]
[Date "2022.11.20"]
[Round "3.3"]
[White "Jandourek, Lukas"]
[Black "Serrano Salvador, Eduardo"]
[Result "1/2-1/2"]
[WhiteElo "2165"]
[BlackElo "2286"]
[PlyCount "77"]
[EventDate "2022.10.16"]
[EventType "team-tourn"]
[EventRounds "11"]
[EventCountry "CZE"]
[SourceTitle "EXT 2024"]
[Source "ChessBase"]
[SourceDate "2023.10.10"]
[SourceVersion "1"]
[SourceVersionDate "2023.10.10"]
[SourceQuality "1"]
[WhiteTeam "Neratovice II"]
[BlackTeam "Vysehrad"]
[WhiteTeamCountry "CZE"]
[BlackTeamCountry "CZE"]

1. e4 e5 2. Bc4 Nf6 3. d3 Nc6 4. Nf3 Be7 5. 0-0 0-0 6. Re1 d6 7. c3 Na5 8. Bb5 a6 9. Ba4 c5 10. d4 Qc7 11. h3 b5 12. Bc2 cxd4 13. cxd4 Bb7 14. Bd3 Nc6 15. d5 Nb4 16. Nc3 Nxd3 17. Qxd3 Rfc8 18. a3 Nd7 19. Be3 Qc4 20. Qxc4 Rxc4 21. g4 Bd8 22. Nd2 Rcc8 23. Nb3 Bb6 24. Bxb6 Nxb6 25. Na5 Rab8 26. Rac1 g6 27. Na2 Nc4 28. Nxb7 Rxb7 29. b3 Nb6 30. Rxc8+ Nxc8 31. Rc1 Ne7 32. Nb4 f5 33. f3 Kf8 34. g5 Ra7 35. Rc2 a5 36. Nc6 Rc7 37. Nb4 Ra7 38. Nc6 Rc7 39. Nb4 1/2-1/2

[Event "CZE-chT2C 2223"]
[Site "Czech Republic"]
[Date "2022.11.06"]
[Round "2.3"]
[White "Serrano Salvador, Eduardo"]
[Black "Vrkota, Milos"]
[Result "1-0"]
[WhiteElo "2286"]
[BlackElo "2093"]
[PlyCount "55"]
[EventDate "2022.10.16"]
[EventType "team-tourn"]
[EventRounds "11"]
[EventCountry "CZE"]
[SourceTitle "EXT 2024"]
[Source "ChessBase"]
[SourceDate "2023.10.10"]
[SourceVersion "1"]
[SourceVersionDate "2023.10.10"]
[SourceQuality "1"]
[WhiteTeam "Vysehrad"]
[BlackTeam "Kutna Hora"]
[WhiteTeamCountry "CZE"]
[BlackTeamCountry "CZE"]

1. d4 f5 2. Bg5 g6 3. Nd2 Bg7 4. e4 fxe4 5. Nxe4 Nf6 6. Nxf6+ exf6 7. Be3 d5 8. h4 c6 9. h5 Qb6 10. hxg6 hxg6 11. Rxh8+ Bxh8 12. Bd3 Kf7 13. Ne2 f5 14. g4 fxg4 15. Nf4 Bf5 16. Bxf5 gxf5 17. Qd3 Kf6 18. Nh5+ Ke6 19. 0-0-0 Qa6 20. Nf4+ Kf6 21. Qb3 Nd7 22. Qb4 Nf8 23. Qd6+ Kf7 24. Rh1 Bg7 25. Nh5 Re8 26. Nxg7 Rxe3 27. fxe3 Qxa2 28. Rh8 1-0

[Event "Prague op"]
[Site "Prague"]
[Date "2022.06.14"]
[Round "6"]
[White "Klimkowski, Jan"]
[Black "Serrano Salvador, Eduardo"]
[Result "1/2-1/2"]
[WhiteElo "2411"]
[BlackElo "2261"]
[PlyCount "43"]
[EventDate "2022.06.10"]
[EventType "swiss"]
[EventRounds "9"]
[EventCountry "CZE"]
[SourceTitle "CBM 208 Extra"]
[Source "ChessBase"]
[SourceDate "2022.07.31"]
[SourceVersion "1"]
[SourceVersionDate "2022.07.31"]
[SourceQuality "1"]

1. e4 e5 2. Nf3 Nf6 3. d4 Nxe4 4. Bd3 d5 5. Nxe5 Nd7 6. Nc3 Nef6 7. 0-0 Be7 8. Qf3 c6 9. Ne2 0-0 10. Ng3 Nxe5 11. dxe5 Ng4 12. Qe2 f6 13. e6 Ne5 14. Bf5 g6 15. Bh3 Nc4 16. Nf5 gxf5 17. Bxf5 Bc5 18. Bxh7+ Kxh7 19. Qh5+ Kg8 20. Qg6+ Kh8 21. Qh5+ Kg8 22. Qg6+ 1/2-1/2

[Event "CZE-chT1W 2122"]
[Site "Czech Republic"]
[Date "2022.02.20"]
[Round "9.2"]
[White "Riha, Vojtech"]
[Black "Serrano Salvador, Eduardo"]
[Result "0-1"]
[WhiteElo "2279"]
[BlackElo "2263"]
[PlyCount "82"]
[EventDate "2021.10.10"]
[EventType "team-tourn"]
[EventRounds "11"]
[EventCountry "CZE"]
[SourceTitle "EXT 2023"]
[Source "ChessBase"]
[SourceDate "2022.10.05"]
[SourceVersion "1"]
[SourceVersionDate "2022.10.05"]
[SourceQuality "1"]
[WhiteTeam "Polabiny II"]
[BlackTeam "Vysehrad SK Sokol"]
[WhiteTeamCountry "CZE"]
[BlackTeamCountry "CZE"]

1. e4 e5 2. Nf3 Nf6 3. Nc3 Nc6 4. d4 exd4 5. Nd5 Nb4 6. Nxd4 Nbxd5 7. exd5 Nxd5 8. Nf5 Ne7 9. Bg5 d5 10. Bxe7 Bxe7 11. Nxg7+ Kf8 12. Nh5 Rg8 13. Qd3 Qd6 14. Be2 Qb4+ 15. c3 Qxb2 16. Rb1 Qa3 17. 0-0 Qd6 18. Bf3 c6 19. Rfe1 b6 20. Rb4 Bg5 21. h4 Bh6 22. Rd4 Bd7 23. c4 Re8 24. Rxe8+ Bxe8 25. cxd5 c5 26. Re4 Bd7 27. Qa6 f5 28. Re1 Rg6 29. Qxa7 Kg8 30. Ng3 c4 31. Ne2 Bd2 32. Rf1 Rg7 33. Nd4 c3 34. Qb7 h6 35. Rb1 b5 36. a4 Qf4 37. Qb6 c2 38. Nxc2 Qxf3 39. g3 f4 40. Qd8+ Kh7 41. Nd4 Qd3 0-1

[Event "CZE-chT1W 2122"]
[Site "Czech Republic"]
[Date "2022.02.06"]
[Round "8.6"]
[White "Serrano Salvador, Eduardo"]
[Black "Simek, Petr1111"]
[Result "1/2-1/2"]
[WhiteElo "2263"]
[BlackElo "2298"]
[PlyCount "98"]
[EventDate "2021.10.10"]
[EventType "team-tourn"]
[EventRounds "11"]
[EventCountry "CZE"]
[SourceTitle "EXT 2023"]
[Source "ChessBase"]
[SourceDate "2022.10.05"]
[SourceVersion "1"]
[SourceVersionDate "2022.10.05"]
[SourceQuality "1"]
[WhiteTeam "Vysehrad SK Sokol"]
[BlackTeam "Unichess"]
[WhiteTeamCountry "CZE"]
[BlackTeamCountry "CZE"]

1. d4 Nf6 2. Nf3 d5 3. c4 e6 4. Bg5 h6 5. Bxf6 Qxf6 6. Nc3 Bb4 7. Qa4+ Nc6 8. e3 0-0 9. Rc1 Qg6 10. Qc2 Qxc2 11. Rxc2 Rd8 12. a3 Bf8 13. Be2 Ne7 14. 0-0 Bd7 15. Rfc1 a6 16. Ne5 Be8 17. cxd5 exd5 18. Nd3 Bd7 19. g4 Ra7 20. Bf3 c6 21. Nc5 Be8 22. b4 Nc8 23. Be2 Nd6 24. a4 Be7 25. b5 axb5 26. axb5 Rda8 27. bxc6 bxc6 28. Kg2 Kf8 29. Rb1 Bd8 30. Rcb2 Ke7 31. Bf3 Ra1 32. Ne2 Rxb1 33. Rxb1 Bc7 34. Nf4 Ra7 35. Nfd3 Nc4 36. Rb7 Rxb7 37. Nxb7 Bd7 38. Nbc5 Bd6 39. h3 Be8 40. Bd1 Nb6 41. Bb3 f6 42. f4 g5 43. Kf3 Bd7 44. f5 Bc7 45. e4 dxe4+ 46. Nxe4 Nc8 47. Nec5 Be8 48. Ne6 Bb6 49. d5 cxd5 1/2-1/2

[Event "CZE-chT1W 2122"]
[Site "Czech Republic"]
[Date "2021.12.12"]
[Round "5.2"]
[White "Serrano Salvador, Eduardo"]
[Black "Konopka, Michal"]
[Result "1/2-1/2"]
[WhiteElo "2263"]
[BlackElo "2381"]
[PlyCount "115"]
[EventDate "2021.10.10"]
[EventType "team-tourn"]
[EventRounds "11"]
[EventCountry "CZE"]
[SourceTitle "EXT 2023"]
[Source "ChessBase"]
[SourceDate "2022.10.05"]
[SourceVersion "1"]
[SourceVersionDate "2022.10.05"]
[SourceQuality "1"]
[WhiteTeam "Vysehrad SK Sokol"]
[BlackTeam "Praha DP EA Hotels"]
[WhiteTeamCountry "CZE"]
[BlackTeamCountry "CZE"]

1. d4 Nf6 2. Nf3 g6 3. Bg5 Bg7 4. e3 0-0 5. Be2 c5 6. c3 d6 7. h3 Qb6 8. Qb3 Be6 9. Qxb6 axb6 10. Nbd2 h6 11. Bxf6 Bxf6 12. 0-0 Nd7 13. Rfd1 Bg7 14. a3 Rfd8 15. e4 d5 16. exd5 Bxd5 17. Bc4 Bxf3 18. Nxf3 cxd4 19. Nxd4 Nc5 20. Nf3 Na4 21. Rxd8+ Rxd8 22. Rb1 e5 23. Bb3 Nc5 24. Bc2 e4 25. Ne1 f5 26. Kf1 Kf7 27. g3 h5 28. h4 Bh6 29. b4 Ne6 30. Rd1 Rxd1 31. Bxd1 Bc1 32. Bb3 Kf6 33. Ke2 Ke5 34. Bxe6 Kxe6 35. Nc2 Kd5 36. Ne3+ Bxe3 37. Kxe3 Kc4 38. f3 exf3 39. Kxf3 Kxc3 40. Kf4 Kb3 41. Kg5 b5 42. Kxg6 Kxa3 43. Kxh5 Kxb4 44. Kg5 Kc4 45. h5 b4 46. h6 b3 47. h7 b2 48. h8Q b1Q 49. Qc8+ Kd4 50. Qd7+ Ke3 51. Qe7+ Qe4 52. Qc5+ Kf3 53. Qxf5+ Qxf5+ 54. Kxf5 b5 55. Ke5 Ke3 56. Kd5 Kf3 57. Kc5 Kxg3 58. Kxb5 1/2-1/2

[Event "CZE-ch"]
[Site "Plzen"]
[Date "2020.08.31"]
[Round "9"]
[White "Nemec, Pavel"]
[Black "Serrano Salvador, Eduardo"]
[Result "0-1"]
[WhiteElo "2243"]
[BlackElo "2299"]
[PlyCount "118"]
[EventDate "2020.08.23"]
[EventType "swiss"]
[EventRounds "9"]
[EventCountry "CZE"]
[SourceTitle "CBM 198 Extra"]
[Source "ChessBase"]
[SourceDate "2020.11.30"]
[SourceVersion "1"]
[SourceVersionDate "2020.11.30"]
[SourceQuality "1"]

1. e4 c5 2. Nf3 e6 3. d4 cxd4 4. Nxd4 Nc6 5. Nc3 Qc7 6. Nxc6 bxc6 7. Bd3 Nf6 8. 0-0 d5 9. Qe2 Be7 10. e5 Nd7 11. f4 Nc5 12. Qg4 Nxd3 13. cxd3 Qb6+ 14. Kh1 g6 15. Qe2 c5 16. b3 Ba6 17. Rf3 Rc8 18. Be3 Qc7 19. Bf2 Qa5 20. Be1 Qb6 21. Rb1 Qc6 22. Bf2 f5 23. Qe1 Qd7 24. Bh4 0-0 25. Bxe7 Qxe7 26. Na4 Rc6 27. h4 h5 28. Kh2 Rb8 29. Kg3 Rb4 30. a3 Rb8 31. b4 cxb4 32. axb4 d4 33. Nc5 Bc8 34. Ra1 Rcb6 35. Ra4 Rb5 36. Rf2 a5 37. Rfa2 Rxb4 38. Rxa5 Rb1 39. Qf2 Rh1 40. Kf3 Bb7+ 41. Nxb7 Qxb7+ 42. Kg3 Qe7 43. Kf3 Rxh4 44. Ra7 Qd8 45. Rc2 Rg4 46. Rcc7 Qd5+ 47. Ke2 Rxg2 48. Rg7+ Kf8 49. Raf7+ Ke8 50. Re7+ Kd8 51. Rd7+ Qxd7 52. Rxd7+ Kxd7 53. Qxg2 Rb2+ 54. Kf3 Rxg2 55. Kxg2 Kc6 56. Kh3 Kc5 57. Kh4 Kb4 58. Kg5 Kc3 59. Kf6 h4 0-1

[Event "CZE-ch"]
[Site "Plzen"]
[Date "2020.08.24"]
[Round "2"]
[White "Placer, Sebastian"]
[Black "Serrano Salvador, Eduardo"]
[Result "0-1"]
[WhiteElo "2097"]
[BlackElo "2299"]
[PlyCount "72"]
[EventDate "2020.08.23"]
[EventType "swiss"]
[EventRounds "9"]
[EventCountry "CZE"]
[SourceTitle "CBM 198 Extra"]
[Source "ChessBase"]
[SourceDate "2020.11.30"]
[SourceVersion "1"]
[SourceVersionDate "2020.11.30"]
[SourceQuality "1"]

1. d4 Nf6 2. c4 Nc6 3. Nf3 e6 4. Nc3 Bb4 5. Qc2 0-0 6. e3 d6 7. Be2 e5 8. 0-0 Bxc3 9. Qxc3 Qe7 10. Re1 a5 11. d5 Nb8 12. Nd2 c6 13. e4 b5 14. cxb5 cxd5 15. exd5 Nxd5 16. Qb3 Bb7 17. Bf3 a4 18. Qa3 Nd7 19. Nc4 Nc5 20. Bxd5 Bxd5 21. Nb6 Bxg2 22. Nxa8 Bxa8 23. Re3 Qb7 24. f3 Qxb5 25. b3 f5 26. bxa4 Qe8 27. Re2 Qh5 28. Rf2 f4 29. Bd2 e4 30. Bc3 exf3 31. Bd4 Qg4+ 32. Kh1 Ne4 33. Qb3+ Kh8 34. Rg1 Ng3+ 35. Rxg3 fxg3 36. hxg3 Qxd4 0-1

[Event "Prague Summer op 7th"]
[Site "Prague"]
[Date "2020.08.15"]
[Round "9"]
[White "Serrano Salvador, Eduardo"]
[Black "Fojt, Petr"]
[Result "1-0"]
[WhiteElo "2299"]
[BlackElo "2050"]
[PlyCount "113"]
[EventDate "2020.08.08"]
[EventType "swiss"]
[EventRounds "9"]
[EventCountry "CZE"]
[SourceTitle "CBM 197 Extra"]
[Source "ChessBase"]
[SourceDate "2020.09.30"]
[SourceVersion "1"]
[SourceVersionDate "2020.09.30"]
[SourceQuality "1"]

1. d4 Nf6 2. Nf3 g6 3. c4 Bg7 4. g3 0-0 5. Bg2 d6 6. 0-0 Nc6 7. Nc3 e5 8. dxe5 dxe5 9. Bg5 Qxd1 10. Raxd1 Be6 11. b3 h6 12. Be3 Rac8 13. Na4 Rcd8 14. Nc5 Bc8 15. h3 Rfe8 16. g4 Nd7 17. Nxd7 Rxd7 18. Rxd7 Bxd7 19. Rd1 Bc8 20. Bc5 f5 21. Nh4 fxg4 22. Bd5+ Be6 23. hxg4 Bxd5 24. Rxd5 b6 25. Ba3 Nd4 26. e3 g5 27. exd4 gxh4 28. dxe5 Bxe5 29. Bc1 h3 30. Bxh6 Bd6 31. Be3 Re4 32. Rd4 Re6 33. Bf4 Bc5 34. Rd2 Re4 35. Bg3 Rxg4 36. Kh2 Rg7 37. Kxh3 Rf7 38. Kg2 Kf8 39. Be5 Ke8 40. f4 Bd6 41. Bxd6 cxd6 42. Kf3 Kd7 43. Re2 Rg7 44. f5 Rg1 45. Kf4 Rf1+ 46. Kg5 Rg1+ 47. Kh6 Rf1 48. Kg6 Rg1+ 49. Kf7 a5 50. f6 Ra1 51. Re7+ Kd8 52. Ke6 Rxa2 53. Rd7+ Kc8 54. Rh7 Re2+ 55. Kxd6 Re8 56. f7 Rd8+ 57. Kc6 1-0

[Event "Titled Tuesday intern op 12th May"]
[Site "Chess.com INT"]
[Date "2020.05.12"]
[Round "2"]
[White "Grabinsky, Vladimir"]
[Black "Serrano Salvador, Eduardo"]
[Result "1-0"]
[WhiteElo "2219"]
[BlackElo "2337"]
[PlyCount "21"]
[EventDate "2020.05.12"]
[EventType "swiss (blitz)"]
[EventRounds "10"]
[EventCountry "USA"]
[SourceTitle "EXT 2021"]
[Source "ChessBase"]
[SourceDate "2020.10.23"]
[SourceVersion "1"]
[SourceVersionDate "2020.10.23"]
[SourceQuality "1"]

1. e4 c5 2. b4 b6 3. Bc4 Bb7 4. Nf3 Bxe4 5. Bxf7+ Kxf7 6. Ng5+ Ke8 7. Nxe4 d5 8. Ng5 e5 9. 0-0 Qxg5 10. d4 cxd4 11. Bxg5 1-0

[Event "Titled Tuesday intern op 21st April"]
[Site "Chess.com INT"]
[Date "2020.04.21"]
[Round "5"]
[White "Serrano Salvador, Eduardo"]
[Black "Haring, Filip"]
[Result "1/2-1/2"]
[WhiteElo "2337"]
[BlackElo "2306"]
[PlyCount "108"]
[EventDate "2020.04.21"]
[EventType "swiss (blitz)"]
[EventRounds "10"]
[EventCountry "USA"]
[SourceTitle "EXT 2021"]
[Source "ChessBase"]
[SourceDate "2020.10.23"]
[SourceVersion "1"]
[SourceVersionDate "2020.10.23"]
[SourceQuality "1"]

1. d4 Nf6 2. Nf3 e6 3. c4 Bb4+ 4. Nbd2 0-0 5. a3 Be7 6. e4 d5 7. e5 Nfd7 8. Bd3 c5 9. cxd5 exd5 10. 0-0 cxd4 11. Re1 Nc6 12. Nb3 Re8 13. Nbxd4 Nxd4 14. Nxd4 Nc5 15. Bc2 Bf8 16. b4 Ne6 17. Nf5 b6 18. Qh5 g6 19. Nh6+ Bxh6 20. Qxh6 d4 21. Bb3 Qe7 22. Bxe6 Bxe6 23. Bg5 Qf8 24. Qxf8+ Rxf8 25. Rad1 Rfc8 26. Rxd4 Kf8 27. Red1 Ke8 28. Bf6 Rab8 29. h4 h5 30. f3 Kf8 31. R1d2 Rc1+ 32. Kf2 Re8 33. Rd8 Rc8 34. Rxe8+ Kxe8 35. Rd4 Kf8 36. g4 hxg4 37. fxg4 Kg8 38. Kg3 Kh7 39. Kf4 Re8 40. Kg5 Rc8 41. a4 Re8 42. a5 bxa5 43. bxa5 Rc8 44. h5 Rc4 45. hxg6+ fxg6 46. Rf4 Rxf4 47. Kxf4 Kg8 48. g5 Kf7 49. Ke4 Ke8 50. Kd4 Kd7 51. Kc5 Bf5 52. Kb5 Bd3+ 53. Kb4 Ke6 54. Kc5 a6 1/2-1/2

[Event "Titled Tuesday intern op 7th April"]
[Site "Chess.com INT"]
[Date "2020.04.07"]
[Round "4"]
[White "Serrano Salvador, Eduardo"]
[Black "Schitco, Ivan"]
[Result "1/2-1/2"]
[WhiteElo "2337"]
[BlackElo "2467"]
[PlyCount "93"]
[EventDate "2020.04.07"]
[EventType "swiss (blitz)"]
[EventRounds "10"]
[EventCountry "USA"]
[SourceTitle "EXT 2021"]
[Source "ChessBase"]
[SourceDate "2020.10.23"]
[SourceVersion "1"]
[SourceVersionDate "2020.10.23"]
[SourceQuality "1"]

1. d4 d5 2. c4 dxc4 3. Nf3 a6 4. a4 Nc6 5. e3 Bg4 6. Bxc4 e6 7. h3 Bh5 8. Nc3 Nf6 9. 0-0 Bd6 10. b3 0-0 11. Bb2 e5 12. dxe5 Bxf3 13. Qxf3 Nxe5 14. Qe2 Nxc4 15. Qxc4 Be5 16. Rfd1 Qe7 17. Nd5 Nxd5 18. Bxe5 Nxe3 19. fxe3 Qxe5 20. Qd4 Qe6 21. Qc3 c6 22. Rd3 Rad8 23. Rad1 Rxd3 24. Rxd3 h6 25. Qc4 Qe7 26. b4 Qe5 27. b5 axb5 28. axb5 cxb5 29. Qd5 Qe7 30. Qxb5 Rc8 31. Qb1 Qf6 32. Rb3 Qe5 33. Kh1 Ra8 34. Qe1 Ra1 35. Rb1 Ra2 36. Rxb7 Qe4 37. Rb8+ Kh7 38. Qb1 Qxb1+ 39. Rxb1 Re2 40. Rb3 Kg6 41. Kg1 Kf5 42. Kf1 Ra2 43. Rb7 Kf6 44. Rb6+ Kf5 45. Rb7 Kf6 46. Rb6+ Kf5 47. Rb7 1/2-1/2

[Event "Titled Tuesday intern op 7th April"]
[Site "Chess.com INT"]
[Date "2020.04.07"]
[Round "6"]
[White "Serrano Salvador, Eduardo"]
[Black "Weetik, Vjacheslav"]
[Result "0-1"]
[WhiteElo "2337"]
[BlackElo "2423"]
[PlyCount "78"]
[EventDate "2020.04.07"]
[EventType "swiss (blitz)"]
[EventRounds "10"]
[EventCountry "USA"]
[SourceTitle "EXT 2021"]
[Source "ChessBase"]
[SourceDate "2020.10.23"]
[SourceVersion "1"]
[SourceVersionDate "2020.10.23"]
[SourceQuality "1"]

1. d4 d5 2. c4 e6 3. Nf3 c6 4. Nc3 dxc4 5. e4 b5 6. Be2 Nf6 7. e5 Nd5 8. Ne4 h6 9. 0-0 Nd7 10. b3 c3 11. a4 b4 12. Bd3 Be7 13. Qe2 a5 14. Ne1 Qb6 15. Be3 Ba6 16. f4 0-0 17. f5 Nxe3 18. Qxe3 Nxe5 19. Bxa6 Rxa6 20. f6 Ng4 21. Qd3 Nxf6 22. Nxf6+ Bxf6 23. Rxf6 gxf6 24. Qg3+ Kh7 25. Nf3 Ra7 26. Qh4 Qd8 27. Rf1 f5 28. Qh5 Qf6 29. Ne5 Rg8 30. Qf3 c5 31. Nc6 Rc7 32. dxc5 Rgc8 33. Nxa5 Rxc5 34. Nc4 Rxc4 35. bxc4 b3 36. Qb7 Rxc4 37. Qxb3 Qd4+ 38. Kh1 c2 39. Rc1 Rc3 0-1

[Event "CZE-chT2A 1920"]
[Site "Czech Republic"]
[Date "2020.02.23"]
[Round "9.3"]
[White "Eret, Matous"]
[Black "Serrano Salvador, Eduardo"]
[Result "0-1"]
[WhiteElo "2166"]
[BlackElo "2327"]
[PlyCount "118"]
[EventDate "2019.10.13"]
[EventType "team-tourn"]
[EventRounds "11"]
[EventCountry "CZE"]
[SourceTitle "EXT 2024"]
[Source "ChessBase"]
[SourceDate "2023.10.10"]
[SourceVersion "1"]
[SourceVersionDate "2023.10.10"]
[SourceQuality "1"]
[WhiteTeam "Klatovy"]
[BlackTeam "Vysehrad II"]
[WhiteTeamCountry "CZE"]
[BlackTeamCountry "CZE"]

1. e4 c5 2. Nf3 e6 3. d4 cxd4 4. Nxd4 Nc6 5. Nc3 Qc7 6. Be3 a6 7. a3 Nf6 8. Be2 b5 9. 0-0 b4 10. axb4 Bxb4 11. Ncb5 Qb8 12. Nxc6 dxc6 13. Nd4 Bb7 14. Nf3 Be7 15. Bg5 h6 16. Bh4 Nxe4 17. Bxe7 Kxe7 18. Qd4 c5 19. Qxg7 Rg8 20. Qxh6 Rh8 21. Qg7 Qf4 22. g3 Qf5 23. Qe5 Qxe5 24. Nxe5 Nd2 25. h4 Nxf1 26. Kxf1 Rhd8 27. Ra5 Rac8 28. Ke1 Kf6 29. f4 Rd6 30. Nc4 Rdd8 31. Kf2 Be4 32. Rxa6 Bxc2 33. Ne5 Rc7 34. Ke3 Rb8 35. g4 Rb3+ 36. Kf2 Rxb2 37. g5+ Kg7 38. Nc4 Rb3 39. Ne5 Rb4 40. Ke3 Bf5 41. Bc4 Bg6 42. Ra8 Bh5 43. Rd8 Ra4 44. Bd3 c4 45. Bc2 Ra3+ 46. Kd4 Bg6 47. Nxg6 fxg6 48. Rd6 Kf7 49. h5 Ke7 50. Rb6 gxh5 51. f5 exf5 52. Rh6 Rd7+ 53. Kc5 f4 54. g6 Rg3 55. Rxh5 Rd2 56. Rh7+ Kf8 57. Be4 c3 58. Rh8+ Ke7 59. Rh7+ Ke6 0-1

[Event "Prague op"]
[Site "Prague"]
[Date "2020.02.17"]
[Round "4"]
[White "Neuman, Petr"]
[Black "Serrano Salvador, Eduardo"]
[Result "1/2-1/2"]
[WhiteElo "2370"]
[BlackElo "2303"]
[PlyCount "63"]
[EventDate "2020.02.14"]
[EventType "swiss"]
[EventRounds "9"]
[EventCountry "CZE"]
[SourceTitle "CBM 195 Extra"]
[Source "ChessBase"]
[SourceDate "2020.05.31"]
[SourceVersion "1"]
[SourceVersionDate "2020.05.31"]
[SourceQuality "1"]

1. Nf3 d5 2. g3 Bg4 3. Bg2 e6 4. d3 Nf6 5. h3 Bxf3 6. Bxf3 c6 7. Bg2 Nbd7 8. e4 dxe4 9. dxe4 e5 10. Qe2 Be7 11. Nd2 0-0 12. 0-0 Qc7 13. a4 a5 14. Nc4 Rfe8 15. b3 Nb6 16. Ne3 Bc5 17. Bb2 Bd4 18. c3 Bc5 19. Rad1 Rad8 20. Bc1 Rxd1 21. Rxd1 Rd8 22. Kf1 Rxd1+ 23. Qxd1 Bf8 24. Ke1 Nbd7 25. Qc2 Nc5 26. Nf1 Qb6 27. Nd2 Ne8 28. Bf1 Nd6 29. Ba3 g6 30. Nc4 Nxc4 31. Bxc4 Qd8 32. Bxc5 1/2-1/2

[Event "CZE-chT2A 1920"]
[Site "Czech Republic"]
[Date "2020.02.09"]
[Round "8.1"]
[White "Serrano Salvador, Eduardo"]
[Black "Lacina, Adolf"]
[Result "1-0"]
[WhiteElo "2327"]
[BlackElo "2224"]
[PlyCount "81"]
[EventDate "2019.10.13"]
[EventType "team-tourn"]
[EventRounds "11"]
[EventCountry "CZE"]
[SourceTitle "EXT 2024"]
[Source "ChessBase"]
[SourceDate "2023.10.10"]
[SourceVersion "1"]
[SourceVersionDate "2023.10.10"]
[SourceQuality "1"]
[WhiteTeam "Vysehrad II"]
[BlackTeam "Strakonice"]
[WhiteTeamCountry "CZE"]
[BlackTeamCountry "CZE"]

1. d4 Nf6 2. Nf3 e6 3. Bg5 d5 4. c4 c6 5. Nc3 Be7 6. e3 Nbd7 7. Qc2 0-0 8. cxd5 exd5 9. Bd3 Re8 10. h3 Ne4 11. Bxe4 dxe4 12. Nxe4 Qa5+ 13. Kf1 Qf5 14. Bxe7 Rxe7 15. Nfd2 Nb6 16. Rc1 Nd5 17. Kg1 Nb4 18. Qc4 a5 19. Nd6 Qg6 20. Nxc8 Rxc8 21. a3 Na6 22. Nf3 Rce8 23. Qc3 Nc7 24. Qxa5 Nd5 25. Qd2 h5 26. Ne5 Qh6 27. h4 f6 28. Nc4 Qg6 29. Rh3 Qg4 30. Rg3 Qd7 31. Qd1 b5 32. Na5 Nxe3 33. Rxe3 Rxe3 34. fxe3 Rxe3 35. Nxc6 Qd5 36. Qf3 Qe6 37. d5 Qe8 38. Qf4 Kh7 39. d6 Re4 40. d7 Re1+ 41. Rxe1 1-0

[Event "CZE-chT1W 1920"]
[Site "Czech Republic"]
[Date "2019.11.24"]
[Round "3.3"]
[White "Liska, Jiri2222"]
[Black "Serrano Salvador, Eduardo"]
[Result "0-1"]
[WhiteElo "2302"]
[BlackElo "2299"]
[PlyCount "40"]
[EventDate "2019.10.20"]
[EventType "team-tourn"]
[EventRounds "11"]
[EventCountry "CZE"]
[SourceTitle "CBM 193 Extra"]
[Source "ChessBase"]
[SourceDate "2020.01.31"]
[SourceVersion "1"]
[SourceVersionDate "2020.01.31"]
[SourceQuality "1"]
[WhiteTeam "Turnov Zikuda II"]
[BlackTeam "Vysehrad"]
[WhiteTeamCountry "CZE"]
[BlackTeamCountry "CZE"]

1. c4 c6 2. Nf3 d5 3. d4 Nf6 4. Nc3 e6 5. Qc2 dxc4 6. e3 b5 7. a4 Bb4 8. Bd2 a5 9. axb5 Bxc3 10. Bxc3 cxb5 11. b3 Bb7 12. bxc4 b4 13. Bd2 0-0 14. Bd3 Nbd7 15. e4 e5 16. 0-0 Re8 17. Rfe1 Qc7 18. Bg5 exd4 19. Nxd4 Ng4 20. Nf3 Nde5 0-1

[Event "Prague Summer op-A 6th"]
[Site "Prague"]
[Date "2019.08.04"]
[Round "4"]
[White "Serrano Salvador, Eduardo"]
[Black "Ludvigsen, Frode"]
[Result "1-0"]
[WhiteElo "2306"]
[BlackElo "2068"]
[PlyCount "55"]
[EventDate "2019.08.02"]
[EventType "swiss"]
[EventRounds "9"]
[EventCountry "CZE"]
[SourceTitle "CBM 191 Extra"]
[Source "ChessBase"]
[SourceDate "2019.09.30"]
[SourceVersion "1"]
[SourceVersionDate "2019.09.30"]
[SourceQuality "1"]

1. d4 d5 2. c4 e6 3. Nf3 c5 4. cxd5 exd5 5. Nc3 Nc6 6. g3 Nf6 7. Bg2 Be7 8. 0-0 0-0 9. Bg5 c4 10. Ne5 Be6 11. b3 Qa5 12. Nxc6 bxc6 13. Qc2 Bb4 14. Bd2 Rab8 15. bxc4 dxc4 16. a3 Bxc3 17. Bxc3 Qa6 18. e4 Rb3 19. a4 Nd7 20. Rfe1 f5 21. d5 cxd5 22. exd5 Bf7 23. Re7 Nc5 24. Bd4 Nb7 25. Qxf5 Qg6 26. Qe5 a5 27. Be4 Qh6 28. Bf5 1-0